| 000 | 01026cam a2200277 a 4500 | ||
|---|---|---|---|
| 001 | 000014835 | ||
| 005 | 20200929163915.0 | ||
| 008 | 950726s1993 sp a bc 000 0 spa | ||
| 020 | _a8478201521 (obra completa) | ||
| 020 | _a847820153X (v. 1) | ||
| 020 | _a8478201548 (v. 2) | ||
| 040 |
_aDO-SdBNP _bspa _cLC _dBNPHU |
||
| 050 | 0 | 0 |
_aDP302.A61 _bI55 1993 |
| 082 |
_a946/.55 _bC569 |
||
| 110 | 1 |
_aInstitucion "Fernando el Católico." _933613 |
|
| 245 | 1 | 0 |
_aCincuenta años al servicio de la cultura en Aragón / _cInstitución Fernando el Católico. |
| 260 |
_aZaragoza : _bInstitución Fernando el Católico, _c1993. |
||
| 300 |
_a2 v. : _bil. ; _c24 cm. |
||
| 500 | _a50 aniversario, 1943-1993. | ||
| 610 | 2 | 0 |
_aInstitucion "Fernando el Catolico." _920761 |
| 610 | 2 | 0 |
_aInstitucion "Fernando el Catolico" _xBibliography. _933614 |
| 610 | 2 | 0 |
_aInstitucion "Fernando el Catolico" _xExhibitions. _933615 |
| 651 | 0 |
_aAragon (Spain{Rpara} _xCivilization. _933616 |
|
| 910 | _aCatalogación por copia / LC | ||
| 049 | _aBNGR | ||
| 999 |
_c14415 _d14415 |
||